| 000 | 01646nam0a2200361 4500 | ||
|---|---|---|---|
| 001 | RU\NLR\bibl\1439940 | ||
| 005 | 20260405163817.0 | ||
| 010 |
_a978-5-8114-0606-7 _bв пер. _92000 |
||
| 021 |
_aRU _b2009-76891 _94811 |
||
| 035 | _a(nilc)RSL-KNO-004388069 | ||
| 035 | _a(NLR Aleph) 001431800 | ||
| 090 |
_a1407342 _c1407342 |
||
| 100 | _a20090918d2009 |||y0rusy50 ca | ||
| 101 | 0 | _arus | |
| 102 | _aRU | ||
| 105 | _aa zzzz||||| | ||
| 200 | 1 |
_aТеоретическая механика _eучебное пособие для студентов высших учебных заведений, обучающихся по направлению подготовки 150300 - "Прикладная механика" _fВ. А. Диевский |
|
| 205 | _aИзд. 3-е, испр. | ||
| 210 |
_aСанкт-Петербург [и др.] _cЛань _d2009 |
||
| 215 |
_a319, [1] с. _cил., табл. _d21 |
||
| 225 | 1 | _aУчебники для вузов. Специальная литература | |
| 313 | _aПо пред.изд. | ||
| 320 | _aБиблиогр.: с. 315 | ||
| 606 | 1 |
_aТеоретическая механика _jУчебные издания для высших учебных заведений _9968594 _3RU\NLR\auth\6644041 |
|
| 686 |
_aВ23я73-1 _2rubbk |
||
| 686 | _aВ21я73-1 | ||
| 700 | 1 |
_4070 _8rus _7ca _aДиевский _bВ. А. _cканд. физ.-мат. наук _f1949- _gВиктор Алексеевич _3RU\NLR\auth\7769894 _952822 |
|
| 801 | 0 |
_aRU _bРКП _c20090918 _grcr |
|
| 801 | 1 |
_aRU _bРГБ _c20090918 |
|
| 801 | 2 |
_aRU _bNLR _c20091118 _grcr |
|
| 942 | _cBOOK | ||
| 980 | _aNB | ||